Word Ladder: Atlanta Quarterback Quiz Stats

 Plays Quiz Updated Sep 23, 2012

Support Sporcle.
Go Orange.
Score 0/13 Timer 01:30
2 Plays Today
Hint 4-Letter Word % Correct
Heat cheeseMELT
91.3%
Animal fleshMEAT
90.1%
Milkshake's relativeMALT
88.9%
Steak and potatoes, e.g.MEAL
87.7%
Mud for sculptingCLAY
84.5%
'Kiss From a Rose' singerSEAL
83.7%
Fabric jointSEAM
80.5%
Kill violentlySLAY
77.5%
Extended familyCLAN
75.5%
Tackle hardSLAM
73.3%
With first rung, Atlanta's quarterbackRYAN
71.1%
Printer's blueCYAN
67.4%
With last rung, Atlanta's quarterbackMATT
64.1%

Today's Daily Dose

Word Ladder
ING Words

Get the Picture
Nearest Volcano

From the Vault

Keep Calm and Celebrate Holidays

by El_Dandy

Holiday 6m
No matter how stressful things get around the holidays, always remember to keep calm.
Remove Ads.
Support Sporcle.
Get the best of Sporcle when you Go Orange. This ad-free experience offers more features, more stats, and more fun while also helping to support Sporcle. Thank you for becoming a member.

Show Comments

Extras

Top Quizzes Today


Score Distribution

Your Account Isn't Verified!

In order to create a playlist on Sporcle, you need to verify the email address you used during registration. Go to your Sporcle Settings to finish the process.

Report this User

Report this user for behavior that violates our Community Guidelines.

Details: